BIBLIOTECA PODER JUDICIAL
Portal Judicial TDF

El rol de las IA en las relaciones laborales. Implicancias hermenéuticas, jurídicas y sociales del modelo de análisis de sentimientos / (Registro nro. 5962)

000 -LEADER
fixed length control field 01597nab a22002897a 4500
003 - CONTROL NUMBER IDENTIFIER
control field OSt
005 - DATE AND TIME OF LATEST TRANSACTION
control field 20260114135316.0
008 - FIXED-LENGTH DATA ELEMENTS--GENERAL INFORMATION
fixed length control field 190605e xxu||||| |||| 00| 0 spa d
040 ## - CATALOGING SOURCE
Transcribing agency PJ
100 ## - MAIN ENTRY--PERSONAL NAME
9 (RLIN) 6801
Personal name Urueña, Alejandro
245 13 - TITLE STATEMENT
Title El rol de las IA en las relaciones laborales. Implicancias hermenéuticas, jurídicas y sociales del modelo de análisis de sentimientos /
Statement of responsibility, etc Alejandro Urueña, María S. Taboada.
260 ## - PUBLICATION, DISTRIBUTION, ETC. (IMPRINT)
Place of publication, distribution, etc Ciudad Autónoma de Buenos Aires :
Name of publisher, distributor, etc Thomson Reuters La Ley,
Date of publication, distribution, etc 2024.
300 ## - PHYSICAL DESCRIPTION
Extent p. 25-32
500 ## - GENERAL NOTE
General note Cita: TR LALEY AR/DOC/1303/2024.<br/><br/>
505 ## - FORMATTED CONTENTS NOTE
Formatted contents note Sumario: I. El análisis de sentimientos: interrogantes y desafíos.— II. Qué se entiende por Inteligencia Artificial.— III. Clases de IA.— IV. Redes neuronales artificiales. Aprendizaje profundo o deep learning.— VI. Disciplinas de la IA que se aplican en las diferentes actividades productivas.— VIII. La problemática del análisis de sentimientos desde el derecho del trabajo y las relaciones laborales.
505 ## - FORMATTED CONTENTS NOTE
Title ¿Te interesa el texto completo? Solicitalo al correo: koha@justierradelfuego.gov.ar
650 #0 - SUBJECT ADDED ENTRY--TOPICAL TERM
9 (RLIN) 1316
Topical term or geographic name as entry element DERECHO LABORAL
650 #0 - SUBJECT ADDED ENTRY--TOPICAL TERM
9 (RLIN) 1323
Topical term or geographic name as entry element CONTRATO DE TRABAJO
650 #0 - SUBJECT ADDED ENTRY--TOPICAL TERM
9 (RLIN) 1803
Topical term or geographic name as entry element RELACIONES LABORALES
650 #0 - SUBJECT ADDED ENTRY--TOPICAL TERM
9 (RLIN) 273
Topical term or geographic name as entry element DERECHO INFORMATICO
650 #0 - SUBJECT ADDED ENTRY--TOPICAL TERM
9 (RLIN) 5817
Topical term or geographic name as entry element INTELIGENCIA ARTIFICIAL
650 #0 - SUBJECT ADDED ENTRY--TOPICAL TERM
9 (RLIN) 5233
Topical term or geographic name as entry element PANDEMIA
650 #0 - SUBJECT ADDED ENTRY--TOPICAL TERM
9 (RLIN) 281
Topical term or geographic name as entry element INTERNET
700 ## - ADDED ENTRY--PERSONAL NAME
9 (RLIN) 6802
Personal name Taboada, María S.
773 0# - HOST ITEM ENTRY
Host Biblionumber 2711
Host Itemnumber 3168
Place, publisher, and date of publication Ciudad Autónoma de Buenos Aires : Thomson Reuters La Ley, 1999-2002.
Title Revista de derecho del trabajo. Nº 6 - Noviembre 2024
942 ## - ADDED ENTRY ELEMENTS (KOHA)
Source of classification or shelving scheme
Koha item type Analítica Artículo de Revista

No hay ítems disponibles.

12 de Octubre 789 Ushuaia - Tel:  54(02901)441571
Horario de Atención: 8.00 a 17.00 hs. 
bibliotecaush@justierradelfuego.gov.ar
koha@justierradelfuego.gov.ar
Seguinos en nuestras redes @bibliojustdf 

Con tecnología Koha